| 000 | 01008cam a22003015a 4500 | ||
|---|---|---|---|
| 003 | EG-ScBUE | ||
| 005 | 20220511133327.0 | ||
| 008 | 090707t2002 maua f 000 0 eng d | ||
| 020 | _a090671791 | ||
| 020 | _a97809067179 | ||
| 040 |
_aEG-ScBUE _beng _erda _cEG-ScBUE _dEG-ScBUE |
||
| 082 | 0 | 4 |
_a428.007 _bBAR _222 |
| 100 | 1 |
_aBartram, Mark, _eauthor. |
|
| 245 | 1 | 0 |
_aCorrection : _bmistake management : a positive approach for language teachers / _cMark Bartram, Richard Walton. |
| 264 | 1 |
_aBoston, MA : _bHeinle, _c[2002] |
|
| 264 | 4 | _cc2002 | |
| 300 |
_avi, 122 pages : _billustrations ; _c24 cm |
||
| 336 |
_2rdacontent _atext _btxt |
||
| 337 |
_2rdamedia _aunmediated _bn |
||
| 338 |
_2rdacarrier _avolume _bnc |
||
| 650 | 7 |
_aEnglish language _xErrors of usage. _2BUEsh |
|
| 650 | 7 |
_aEnglish language _xStudy and teaching _xForeign speakers. _2BUEsh |
|
| 651 | _2BUEsh | ||
| 653 |
_bHHUUEENN _cOctober2018 |
||
| 655 |
_vReading book _934232 |
||
| 700 | 1 |
_aWalton, Richard, _eauthor. |
|
| 942 |
_2ddc _cBB |
||
| 999 |
_c12232 _d12232 |
||